LIBRARY & INFORMATION CENTRE, KCAET, TAVANUR

ONLINE PUBLIC ACCESS CATALOGUE (OPAC)

Chaucer: Modern essays in criticism / (Record no. 7600)

MARC details
000 -LEADER
fixed length control field 00412cam a2200157ua 4500
041 ## - LANGUAGE CODE
Language code of text/sound track or separate title eng
082 ## - DEWEY DECIMAL CLASSIFICATION NUMBER
Classification number 828.09
Item number WAG/CH
100 ## - MAIN ENTRY--AUTHOR NAME
Personal name Wagenknecht, Edward .
245 ## - TITLE STATEMENT
Title Chaucer: Modern essays in criticism /
250 ## - EDITION STATEMENT
Edition statement 1 /
260 ## - PUBLICATION, DISTRIBUTION, ETC. (IMPRINT)
Place of publication London :
Name of publisher Oxford University Press ,
Year of publication 1959.
300 ## - PHYSICAL DESCRIPTION
Number of Pages 413 ; .
942 ## - ADDED ENTRY ELEMENTS (KOHA)
Koha item type Books
Holdings
Withdrawn status Lost status Damaged status Home library Current library Date acquired Cost, normal purchase price Full call number Accession Number Koha item type Public note
Withdrawn     KAUAET Sanskrit University 07/04/2012 13.60 828.09 6559 Books Transferred to Sanskrit University
free website counter